| 000 | 00750nam a22001937a 4500 | ||
|---|---|---|---|
| 999 |
_c371864 _d371864 |
||
| 008 | 201127b ||||| |||| 00| 0 eng d | ||
| 040 |
_aDE-2950 _bger _cDE-2950 _erda |
||
| 041 | _ager | ||
| 245 |
_aUhrschlaggeläut ist gegossen. _bKirche. Im österreichischen Innsbruck sind drei weitere Glocken für St. Marien hergestellt worden. Eine Frankfurt Abordnung war dabei/ _cInes Weber-Rath |
||
| 264 | _c2022 | ||
| 653 | _aFrankfurt (Oder) | ||
| 653 | _aSankt Marien | ||
| 653 | _aGlockenguss | ||
| 773 |
_dFrankfurt (Oder) Märkisches Verlags- und Druckhaus GmbH & Co KG _tMärkische Oderzeitung _g33. Jahrgang (2022) Nr. 219 vom 19.09.2022, S. 11 mit Bild |
||
| 942 | _cA | ||